000 00614nam a2200253Ia 4500
003 OSt
005 20221007094803.0
006 a|||||r|||| 00| 0
007 ta
008 221006b |||||||| |||| 00| 0 eng d
024 _a49
037 _cTextual
040 _aLCO
_cLCO
_beng
041 _2eng
_aeng
082 _aX:724:(Z), M5
100 _aKAILASH RAI
245 0 _aLaw of Income Tax
250 _a5
260 _aAllahabad
_bAllahabad Law Agency
_c1985
300 _a464
650 _aINCOME TAX
942 _hX:724:(Z), M5
_cTEXL
999 _c1169612
_d1169612